Statistics for Tiny nations of Europe by hint

Click here to take the quiz!

General Stats

  • This quiz has been taken 55 times
  • The average score is 5 of 13

Answer Stats

HintAnswer% Correct
This microstate is famous for casinos which its own citizens are not allowed to useMonaco
100%
This microstate has had more female heads of state than any other country in the worldSan Marino
69%
Though it's the smallest country in the world, it manages to squeeze in the world's largest churchVatican City
67%
The US government donated billions of dollars of aid to this wealthy microstate because they thought it was in AfricaAndorra
55%
This is the only microstate in Europe that has a presidentMalta
51%
Most of the world's false teeth come from this tiny nation, which can actually be rented out for a dayLiechtenstein
47%
Although this country is 326 times larger than the above, its population is smaller by 100,000 people, so is considered by some to be a microstateIceland
35%
This principality is not in Denmark or the Netherlands, but on a Maunsell Sea Fort in the North SeaSealand
16%
This tiny island was the first entire country to be adopted into UNESCO's Network of Biosphere ReservesIsle of Man
10%
This micronation was founded by a Czech man on disputed land between Croatia and SerbiaLiberland
10%
This tiny microstate used to exist on the border between Spain and Portugal and was ruled by an 'Honorary Judge'Couto Misto
6%
Another microstate that used to exist was a Free State on the coast of modern CroatiaFiume
6%
This Italian microstate was the smallest independent country in history to have lasted as long as 400 yearsSenarica
4%

Score Distribution

Percentile by Number Answered

Percent of People with Each Score

Your Score History

You have not taken this quiz